Reglamento de la Universidad de Costa Rica en contra del hostigamiento sexual
| مؤلف مشترك: | |
|---|---|
| التنسيق: | كتاب |
| منشور في: |
San José, Costa Rica :
El Consejo,
1997
|
| الموضوعات: |
MARC
| LEADER | 00000nam a2200000Ia 4500 | ||
|---|---|---|---|
| 090 | |a DOC # 61 | ||
| 110 | |a Universidad de Costa Rica. Consejo Universitario | ||
| 245 | |a Reglamento de la Universidad de Costa Rica en contra del hostigamiento sexual | ||
| 260 | |a San José, Costa Rica : |b El Consejo, |c 1997 | ||
| 300 | |a disco compacto | ||
| 650 | |a ABUSO SEXUAL | ||
| 650 | |a ACOSO SEXUAL | ||
| 650 | |a DERECHOS HUMANOS | ||
| 650 | |a IGUALDAD DE GENERO | ||
| 942 | |i 00879 |h DOC # 61 |p 00879 | ||
| 999 | |c 2556 |d 2556 | ||
